00463nam a22001457a 4500003000400000005001700004008004100021040000800062082001700070100001800087245010500105260005900210300001200269650003600281OSt20190108165323.0190108b ||||| |||| 00| 0 eng d cDLC a262.1bS956N aSumrall, Ken. aNew Wine Bottles :bA Handbook on Practical Church Order and Committed Relationships /cKen Sumrall. aPensacola, Florida :bLiberty Creative Press ,cc1976. a212 p.: aLiberty Church.xPrayer groups.